| 000 | 00000nam##2200000za#4500 |
| 001 | 9.597910 |
| 003 | CaOODSP |
| 005 | 20210624204258 |
| 007 | cr ||||||||||| |
| 008 | 150406|2005||||xxc|||||o f|0| 0 fre|d |
| 040 | |aCaOODSP|bfre |
| 043 | |an-cn--- |
| 086 | 1 |aTU3-5/05-9F-PDF |
| 110 | 2 |aBureau de la sécurité des transports du Canada. |
| 245 | 10|aPerte de puissance de l'hélicoptère Robinson R22 Beta C-FQDQ à 10 nm au nord de Courtenay (Colombie-Britannique), le 24 juin 2005 |h[ressource électronique] |
| 260 | |aGatineau - Québec : |bBureau de la sécurité des transports du Canada |c[2005]. |
| 300 | |a7p.|bill., références |
| 490 | 1 |aRapport d'enquête aéronautique |vA05P0154 |
| 590 | |a10-05-Supp|b2010-07-20 |
| 691 | 07|aAccident d'avion|2gcpds |
| 775 | 08|tPower loss - Robinson R22 Beta Helicopter C-FQDQ, Courtenay, British Columbia, 10 nm N, 24 June 2005 |w(CaOODSP)9.566421 |
| 830 | #0|aRapport d'enquête aéronautique ;|vA05P0154|w(CaOODSP)9.501229 |
| 856 | 40|ahttp://publications.gc.ca|qPDF|s103 Ko|uhttps://publications.gc.ca/collections/collection_2009/bst-tsb/TU3-5-05-9F.pdf|yA05P0154 |